000 00535nas a22001937i 4500
001 2535
003 OSt
005 20170126082307.0
007 tu
008 161220s xxu||||| |||| 00| 0 d
024 7 _a2534
_2RID
024 7 _a2535
_2RSN (alt)
040 _cOSt
245 0 0 _aHamburger Beiträge z.Friedensforschung u.Sicherheitspolitik
260 _aHamburg.
300 _bnicht kat.
490 _aHamburger Beiträge z.Friedensforschung u.Sicherheitspolitik
110 2 _aInstitut für Friedensforschung und Sicherheitspolitik
_eEd.
942 _cSE
999 _c2510
_d2510